Αναμνήσεις μιας γκέϊσας

Αποθηκεύτηκε σε:
Λεπτομέρειες βιβλιογραφικής εγγραφής
Κύριος συγγραφέας: Golden, Arthur 1957-
Μορφή: Βιβλίο
Γλώσσα:Greek
English
Δημοσίευση: Αθήνα : Λιβάνης, c1998
Θέματα:
Ετικέτες: Προσθήκη ετικέτας
Δεν υπάρχουν, Καταχωρήστε ετικέτα πρώτοι!

MARC

LEADER 00000cam a2200000 i 4500
001 1/88965
008 051114s1998 gre d
020 |a 960-236-913-2 
035 |l 10081210 
040 |a GR-MY-UA  |b gre  |e aacr 
041 1 |a gre  |h eng 
082 0 |a 813  |2 (22) 
100 1 |a Golden, Arthur  |d 1957- 
245 1 0 |a Αναμνήσεις μιας γκέϊσας /  |c Άρθουρμ Γκόλντεν ; Μετάφραση από τα αγγλικά: Ρένα Λέκκου-Δάντου 
260 |a Αθήνα :   |b Λιβάνης,   |c c1998 
300 |a 732 σ.;  |c 21 εκ. 
500 |a Τίτλος πρωτοτύπου: Memoirs of a geisha 
650 0 0 |a Women  |z Japan  |x Fiction. 
650 0 0 |a Geishas  |x Fiction. 
651 0 |a Japan  |x History  |y 20th century  |x Fiction. 
852 |a INST  |b LEMNOS  |e 20140612  |h 813 GOL  |p 005600001133  |q 005600001133  |t BK  |y 0 
852 |a INST  |b SYROS  |e 20051114  |h 813 GOL  |p 005500005153  |q 005500005153  |t BK  |y 0 
901 |a BIBL5-2005-3 
901 |a BIBL6-2014-2 
909 |a Ε  |b 117268 
909 |a Μ  |b 161358 
922 |a 5ΕΛΗ  |b 200511  |c ΒΙΒΛΙΟΘΗΚΗ ΣΥΡΟΥ  |d ΣΕΛΕΦΑΪΣ 
970 |a ΚΟΝΤΟΥ  |b ΠΑΡΑΣΚΕΥΗ  |z 2005/01/10